000 00425cam a2200145 4500
082 _a950.3
_bWRI
100 1 _aWright, Arnold,
_946302
245 1 0 _aEarly English adventurers in the East,
_cby Arnold Wright.
260 _aLondon,
_aNew York,
_bA. Melrose, ltd.,
_c1917.
300 _a331 p.
_c22 cm.
526 _a0
_b0
_c0
_d950_300000000000000_WRI
650 0 _aBritish
_zAsia.
_946303
650 0 _aMCE
_9379
942 _2ddc
_cBK
999 _c549666
_d549666